Các tính năng mới và các công cụ trong Microsoft office 2003 Tạo và quản lý cơ sở dữ liệu với office 2003
Đã lưu trong:
| Príomhúdar: | |
|---|---|
| Údair Eile: | |
| Teanga: | Undetermined |
| Foilsithe: |
Hà Nội
Thống Kê
2007
|
| Ábhair: | |
| Clibeanna: |
Cuir Clib Leis
Gan Chlibeanna, Bí ar an gcéad duine leis an taifead seo a chlibeáil!
|
| Thư viện lưu trữ: | Trung tâm Học liệu Trường Đại học Trà Vinh |
|---|
| LEADER | 00713nam a2200241Ia 4500 | ||
|---|---|---|---|
| 001 | TVU_7601 | ||
| 008 | 210423s9999 xx 000 0 und d | ||
| 041 | |a Vie | ||
| 082 | |a 5.3 | ||
| 082 | |b Đ552/C | ||
| 100 | |a Nguyễn, Minh Đức | ||
| 245 | 0 | |a Các tính năng mới và các công cụ trong Microsoft office 2003 | |
| 245 | 0 | |b Tạo và quản lý cơ sở dữ liệu với office 2003 | |
| 245 | 0 | |c Nguyễn Minh Đức | |
| 260 | |a Hà Nội | ||
| 260 | |b Thống Kê | ||
| 260 | |c 2007 | ||
| 300 | |a 157 tr. | ||
| 300 | |b Minh họa | ||
| 300 | |c 16 cm | ||
| 650 | |a Tin học; Phần mềm; Office 2003 | ||
| 700 | |a Nguyễn Minh Đức | ||
| 980 | |a Trung tâm Học liệu Trường Đại học Trà Vinh | ||